005210000a2200169000450024500700000065000320007065000250010265000160012765000230014365100130016665100190017904100130019870000230021170000220023410000190025677300760027510aRevised checklist of north american mammals north of Mexico, 197914aDistribución geográfica14aSistemática animal14aMamíferos14aTaxonomía animal 4pMéxico 4pEstados Unidos0 aInglés1 aCarter, Dilford C.1 aGenoways, Hugh H.1 aJones, J. Knox1 tOccasional Papers: Museum of Texas Tech University3430h62q1-17d1979